|
|
|
|
| LEADER |
00000nas a2200000 a 4500 |
| 001 |
ssj0000991584 |
| 003 |
WaSeSS |
| 005 |
20200512172242.0 |
| 006 |
m d |
| 007 |
cr n |
| 008 |
130823c20uu9999nyud| n|s|||||| |0por d |
| 035 |
|
|
|a (WaSeSS)ssj0000991584
|
| 040 |
|
|
|a WaSeSS
|c WaSeSS
|d WaSeSS
|
| 043 |
|
|
|a e------
|
| 050 |
|
4 |
|a D1050
|
| 130 |
0 |
|
|a PR newswire Europe.
|l Portuguese.
|
| 245 |
1 |
0 |
|a PR newswire Europe (Portuguese version)
|h [electronic resource].
|
| 260 |
|
|
|a [New York] :
|b PR Newswire Association, LLC
|
| 310 |
|
|
|a Daily
|
| 506 |
|
|
|a License restrictions may limit access.
|
| 588 |
|
|
|a Description based on: September 22, 2011; title from title screen (NewsBank, viewed August 12, 2013).
|
| 588 |
|
|
|a Latest issue consulted: July 24, 2013 (viewed August 12, 2013).
|
| 651 |
|
0 |
|a Europe
|v Newspapers.
|
| 655 |
|
0 |
|a Electronic journals.
|
| 856 |
4 |
0 |
|z Full text available from Research Library: 01/22/2014 to present
|u https://search.proquest.com/publication/1796340
|